000 00902nam a22002417a 4500
999 _c161815
_d161815
005 20190819111245.0
010 _a1819CHEN B-720293-313
020 _a9788190960267
_c500.00
035 _aB-720293-313
035 _aB-728621
037 _bBooks Solution
082 _a507.8
100 _aSharma,Punita
245 _aGreat nature experiments & projects with things around you /
_cwritten & compiled by Punita Sharma
260 _aDelhi
_bBooks Solution
_c2018
270 _a6/85, Karkari Road, Shahdara
_bDelhi
_e110032
300 _a172p.:
_bill.
_c25cm(Hb)
500 _aAirport
700 _aSharma,Punita
942 _2ddc
_cCH
_mSHA
_h507.8